| 000 | 00348nam a2200133Ia 4500 | ||
|---|---|---|---|
| 008 | 240624s9999 xx 000 0 und d | ||
| 041 | _aeng | ||
| 082 | _a332 TEI | ||
| 100 | _aTEITELBAUM DAVID F | ||
| 245 | _aPROCRASTINATOR S GUIDE TO FINANCIAL SECU | ||
| 260 |
_c2001 _aNew York _bAMACOM |
||
| 300 | _axiii, : 306 : p. : cm. ; 23 | ||
| 365 |
_c _b28 |
||
| 999 |
_c22070 _d22070 |
||